França : o país e a sua gente, as receitas (Registo nº 200592)

Detalhes MARC
000 -Etiqueta do registo
Valores 00685nam 22002053 4500
100 ## - Dados gerais de processamento
Dados gerais 20260213 pory50
200 ## - Titulo e menção de responsabilidade
Título próprio França : o país e a sua gente, as receitas
Primeira menção de responsabilidade Susi Piroué
Outras menções de responsabilidade tradução Luísa Vaz Pinto ; fotografia Michael Brauner
210 ## - Publicação
Local de publicação [Lisboa]
Nome do editor Círculo de Leitores
Data de publicação imp. 1997
215 ## - Descrição física 
Paginação / Volumes 144 p.
Outras indicações físicas il. ; encadernado
Dimensões 29 cm
225 ## - Colecção 
Título próprio da colecção Cozinhas do mundo
606 ## - Nome comum usado como assunto
ID Autoridade 13503
Palavra de ordem Alimentos.Culinária.Pratos
675 ## - CDU
Notação 641
Edição PT
Língua por
700 ## - Autor principal (pessoa individual)
ID Autoridade 16378
Apelido Piroué
Nome Susi
Datas 1936-2020
701 ## - Co-autor principal (pessoa individual)
ID Autoridade 16379
Apelido Brauner
Nome Michael
702 ## - Autor secundário (pessoa individual)
ID Autoridade 16380
Apelido Pinto
Nome Luísa Vaz
801 ## - Fonte de origem
País PT
Agência BMMN
Regras de catalogação RPC
830 ## - Notas gerais do catalogador
Criado por Vanda
990 ## - Elementos KOHA
Tipo de documento Livro
Exemplares
Situação do levantamento Biblioteca de origem Código de barras Cota Permissão de empréstimo Tipo de documento Forma de aquisição
  Biblioteca Municipal de Montemor-o-Novo 29791 641 PIR|DEP   Livro Compra

Powered by Koha